Normal view
MARC view
Entry Personal Name
001 - CONTROL NUMBER
- control field: 1352
003 - CONTROL NUMBER IDENTIFIER
- control field: OSt
005 - DATE AND TIME OF LATEST TRANSACTION
- control field: 20110420161054.0
008 - FIXED-LENGTH DATA ELEMENTS
- fixed length control field: 110420|||a|||||| | ||| d
040 ## - CATALOGING SOURCE
- Original cataloging agency: OSt
- Transcribing agency: OSt
100 ## - HEADING--PERSONAL NAME
- Personal name: Chalmers, Mackenzie Dalzell Edwin Stewart,
- Titles and other words associated with a name: Sir,
- Dates associated with a name: 1847-1927,
- Relator term: ed.
670 ## - SOURCE DATA FOUND
- Source citation: Work cat.: (OSt)0: Chalmers, Mackenzie Dalzell Edwin Stewart, Sir, 1847-1927, ed., Chalmer's Sale of goods act, 1893, including the Factors acts, 1889 & 1890., 1945.
